یادگار نامہ : (Record no. 106570)
[ view plain ]
| 000 -LEADER | |
|---|---|
| fixed length control field | 01056nam a22002777a 4500 |
| 005 - DATE AND TIME OF LATEST TRANSACTION | |
| control field | 20170123162314.0 |
| 010 ## - LIBRARY OF CONGRESS CONTROL NUMBER | |
| LC control number | B-123638 |
| 020 ## - INTERNATIONAL STANDARD BOOK NUMBER | |
| Terms of availability | 300.00 |
| 035 ## - SYSTEM CONTROL NUMBER | |
| System control number | B-123638 |
| 037 ## - SOURCE OF ACQUISITION | |
| Source of stock number/acquisition | Cen Lib/Ret |
| 040 ## - CATALOGING SOURCE | |
| Original cataloging agency | DPL |
| Language of cataloging | UR |
| 082 ## - DEWEY DECIMAL CLASSIFICATION NUMBER | |
| Classification number | 840.92 |
| Item number | ح و س |
| 245 ## - TITLE STATEMENT | |
| Title | یادگار نامہ : |
| Statement of responsibility, etc | مرتبین نظیر احمد، شریف حسین قاسمی [اور] شاہد مہیل |
| Remainder of title | یوسف حسین خان / |
| 246 ## - VARYING FORM OF TITLE | |
| Title proper/short title | Yadgar nama Yusuf Husian Khan / |
| Remainder of title | edited by nazeer Ahmad, SHareef Hausian Qasmi [and] SHahid Mahil |
| 260 ## - PUBLICATION, DISTRIBUTION, ETC. (IMPRINT) | |
| Place of publication, distribution, etc | نیی دہلی |
| Name of publisher, distributor, etc | غالب انسٹیٹیوٹ |
| Date of publication, distribution, etc | 2004 |
| 270 ## - ADDRESS | |
| Address | ہوانے غالب مارگ |
| City | نیی دہلی |
| 300 ## - PHYSICAL DESCRIPTION | |
| Extent | 300p. |
| Dimensions | 23cm(Hb) |
| 650 ## - SUBJECT ADDED ENTRY--TOPICAL TERM | |
| Topical term or geographic name as entry element | اردو ادب |
| 9 (RLIN) | 113398 |
| 650 ## - SUBJECT ADDED ENTRY--TOPICAL TERM | |
| Topical term or geographic name as entry element | اردو سوانح عمری |
| 9 (RLIN) | 113399 |
| 650 ## - SUBJECT ADDED ENTRY--TOPICAL TERM | |
| Topical term or geographic name as entry element | Urdu literature |
| 9 (RLIN) | 113400 |
| 650 ## - SUBJECT ADDED ENTRY--TOPICAL TERM | |
| Topical term or geographic name as entry element | Urdu biography |
| 9 (RLIN) | 511 |
| 700 ## - ADDED ENTRY--PERSONAL NAME | |
| Personal name | نظیر احمد |
| 9 (RLIN) | 113401 |
| 700 ## - ADDED ENTRY--PERSONAL NAME | |
| Personal name | شریف حسین قاسمی |
| 9 (RLIN) | 534 |
| 700 ## - ADDED ENTRY--PERSONAL NAME | |
| Personal name | شاہد مہیل |
| 9 (RLIN) | 113402 |
| 942 ## - ADDED ENTRY ELEMENTS (KOHA) | |
| Source of classification or shelving scheme | Dewey Decimal Classification |
| Koha item type | Urdu Bks |
| Classification part | 840.92 |
| Call number suffix | ح و س |
| Withdrawn status | Lost status | Damaged status | Not for loan | Home library | Current library | Date acquired | Source of acquisition | Cost, normal purchase price | Total Checkouts | Full call number | Barcode | Date last seen | Copy number | Cost, replacement price | Price effective from | Koha item type |
|---|---|---|---|---|---|---|---|---|---|---|---|---|---|---|---|---|
| Central Library | Central Library | 23/12/2015 | Cen Lib/Ret | 300.00 | 840.92 ح و س | B-123638 | 23/12/2015 | 1 | 300.00 | 23/12/2015 | Urdu Bks |
